• 首页
  • 本馆介绍
  • 公告通知
  • 最新文献
  • 馆藏检索
  • 电子资源
  • 读者导购
  • 参考咨询
  • 我的图书馆
  • 登录
  • 详细信息显示
  • 放入我的书架
  • 预约/预借图书
  • 作者相关作品
  • 分类相关作品
  • 丛书相关作品
  • 出版社相关作品

书目信息

  • 表格格式
  • 工作单格式
  • 卡片格式
题名:
管理中的组织心理
    
 
作者: 张作菊 著
分册:  
出版信息: 北京   解放军出版社  1988.9
页数: 317页
开本: 19厘米
丛书名: 管理者丛书
单 册:
中图分类: C93-05
科图分类: 29.154038
主题词: 管理心理学
电子资源:
ISBN: 7-5065-0620-3
000 00925nam2 2200277 45
001 0189027280
005 20070707154914.70
010    @a7-5065-0620-3@dCNY3.05
020    @aCN@b89027280
100    @a19911017d1988 m y0chiy0120 ea
101 0  @achi
102    @aCN@b110000
105    @ay z 000yy
200 10 @a管理中的组织心理@Aguan li zhong de zu zhi xin li@f张作菊等著@Fzhang zuo ju deng zhu
210    @a北京@c解放军出版社@d1988.9
215    @a317页@d19厘米
225 2  @a管理者丛书@f赵 宏主编
330    @a本书较完整地介绍了组织心理学和组织学,其中包括个体心理、群体心理、组织心理等基础理论和组织设计、组织诊断、组织管理、组织发展等内容。
410  0 @120010@a管理者丛书
540 1  @a管理 组织心理@Aguan li zu zhi xin li
606    @a管理心理学
690    @aC93-05@v1980
692    @a29.154038@v1974
701  0 @a张作菊@Azhang zuo ju@4著
801  0 @aCN@bTSSF@c20070707
905    @a10447@dC93-05@e343
    
    管理中的组织心理/张作菊等著.-北京:解放军出版社,1988.9
    317页;19厘米.-(管理者丛书/赵 宏主编)
    
    
    ISBN 7-5065-0620-3:CNY3.05
    本书较完整地介绍了组织心理学和组织学,其中包括个体心理、群体心理、组织心理等基础理论和组织设计、组织诊断、组织管理、组织发展等内容。
●
相关链接 在E读中查询图书 在五车中查询图书 在当当中查询图书 在豆瓣中查询图书


正题名:管理中的组织心理     索取号:C93-05/343         预约/预借

序号 登录号 条形码 馆藏地/架位号 状态 备注
1 0766957   207669575   第一样本阅览室/ [索取号:C93-05/343] 在馆    
唐山师范学院图书馆 欢迎您!
大连网信软件有限公司© 版权所有